Vista normal
Vista MARC
Entrada Topical Term
Número de registros utilizados en: 1
001 - CONTROL NUMBER
- control field: 66485
003 - CONTROL NUMBER IDENTIFIER
- control field: OSt
005 - DATE AND TIME OF LATEST TRANSACTION
- control field: 20251031151842.0
008 - FIXED-LENGTH DATA ELEMENTS
- fixed length control field: 251031|| aca||aabn | a|a d
040 ## - CATALOGING SOURCE
- Original cataloging agency: OSt
- Transcribing agency: OSt
150 ## - HEADING--TOPICAL TERM
- Topical term or geographic name entry element: Aprendizaje verbal
670 ## - SOURCE DATA FOUND
- Source citation: Work cat.: (OSt)59742: Álvarez B., Daniel aut 66165, El palabrero :